| 000 | 00518nam a2200169 4500 | ||
|---|---|---|---|
| 001 | 126062 | ||
| 003 | ES-MaACL | ||
| 007 | t| | ||
| 008 | 070214q1912 sp r ||||1| spa d | ||
| 100 | 1 |
_aRein, Wilhelm. _996022 |
|
| 245 | 1 | 0 |
_aResumen de Pedagogía / _cpor Wilhelm Rein ; traducción del alemán por Domingo Barnés. |
| 260 |
_aMadrid : _bLa Lectura, _c[1912?] |
||
| 300 |
_a178 p. ; _c19 cm. |
||
| 700 | 1 |
_aBarnés, Domingo, _d1879-1940 _925714 |
|
| 852 |
_aES-MaACL _jB-6471 |
||
| 999 |
_c126062 _d126062 |
||